000 00481nam a2200181Ia 4500
003 GCL
008 140319s9999 xx 000 0 eng d
040 _aGCL /
_cGCL
082 0 4 _a616.01
_bS N
100 1 _aSLEIGH, DOUGLAS J.
245 1 0 _aNOTES ON MEDICAL BACTERIOLOGY /
_cSLEIGH, DOUGLAS J.
700 1 _aTIMBURY, MORAG C.
260 _a[S.N] :
_bCHURCHILL LIVINGSTONE ،
_c1994
300 _a463\P
650 0 4 _aPUBLIC HEALTH
650 0 4 _aBACTERIOLOGY
942 _2ddc
_cBK
999 _c20084
_d20084